000
00195 a2200097 4500
001
57203
100
_a
245
_a
Beena
260
_a
Lahore
_b
Maora Pub
_c
1993
090
_c
35128
_d
35128
942
_a
NUST-CAE
_c
MONOGRAPH
_c
27923
999
_c
292276
_d
292276